00644nam a2200229 a 4500001001300000003000900013005001700022008004100039020001000080082001600090100002500106245003200131260004100163300000800204500003500212650001500247700002500262902000800287942000700295952009700302999001500399nice12345678IN_TiNIC20260116012751.0070709s1975 qada grp 000 0 eng  ac10000a297.86bRAJ aRajeke, Barkat Ahmed aAhmediyya Movement in India aQadianbSadr Anjuman Ahmadiyyac1975 a79p aincludes index and biblioraphy aAhmadiyyah1 aRajeke, Barkat Ahmed bSRS cBK 00104070aHMIbHMId2007-07-09g100.00l0o297.86 RAJp010491r2007-07-09w2026-01-16yEB c8295d8295